| 000 | 00468nam a2200181Ia 4500 | ||
|---|---|---|---|
| 005 | 20250326125614.0 | ||
| 008 | 250326s9999 xx 000 0 und d | ||
| 037 | _aTextbook | ||
| 040 |
_aFMSL _beng _cFMSL |
||
| 041 |
_aeng _2eng |
||
| 084 |
_aX5m L2 _qFMSL |
||
| 100 | _aDU | ||
| 245 | 0 |
_aReview of commerce studies _cDU |
|
| 260 |
_aDelhi _bDelhi, Department Of Commerce _c1972 |
||
| 300 | _a86p | ||
| 942 |
_cTB _hX5m L2 |
||
| 999 |
_c1278772 _d1278772 |
||